An Introduction to critical thinking / (Record no. 19672)

MARC details
000 -LEADER
fixed length control field 00418nam a22001577a 4500
003 - CONTROL NUMBER IDENTIFIER
control field OSt
008 - FIXED-LENGTH DATA ELEMENTS--GENERAL INFORMATION
fixed length control field 230524b2010 |||||||| |||| 00| 0 eng d
020 ## - INTERNATIONAL STANDARD BOOK NUMBER
International Standard Book Number 9788131734568
082 ## - DEWEY DECIMAL CLASSIFICATION NUMBER
Classification number 160
Item number SEN-I
100 ## - MAIN ENTRY--PERSONAL NAME
Personal name Sen, Madhucchanda
245 ## - TITLE STATEMENT
Title An Introduction to critical thinking /
Statement of responsibility, etc Madhucchanda Sen
260 ## - PUBLICATION, DISTRIBUTION, ETC. (IMPRINT)
Place of publication, distribution, etc Noida :
Name of publisher, distributor, etc Pearson,
Date of publication, distribution, etc 2010.
300 ## - PHYSICAL DESCRIPTION
Extent / Pages viii, 113 p. ;
650 ## - SUBJECT ADDED ENTRY--TOPICAL TERM
Topical term or geographic name as entry element Critical thinking
942 ## - ADDED ENTRY ELEMENTS (KOHA)
Source of classification or shelving scheme
Koha item type Books
Holdings
Withdrawn status Lost status Source of classification or shelving scheme Damaged status Not for loan Home library Current library Date acquired Source of acquisition Currency Cost, normal purchase price Full call number Barcode Date last seen Copy number Bill Date Koha item type Bill Number
          SOBD Library SOBD Library 24/05/2023 Vedi Books INR 165.00 160 SEN-I1 004463 24/05/2023 1 18/04/2023 Reference Books VEDI/23-24/04/12
          SOBD Library SOBD Library 24/05/2023 Vedi Books INR 165.00 160 SEN-I2 004464 24/05/2023 2 18/04/2023 Books VEDI/23-24/04/12
          SOBD Library SOBD Library 24/05/2023 Vedi Books INR 165.00 160 SEN-I3 004465 24/05/2023 3 18/04/2023 Books VEDI/23-24/04/12
          SOBD Library SOBD Library 24/05/2023 Vedi Books INR 165.00 160 SEN-I4 004466 24/05/2023 4 18/04/2023 Books VEDI/23-24/04/12
          SOBD Library SOBD Library 24/05/2023 Vedi Books INR 165.00 160 SEN-I5 004467 24/05/2023 5 18/04/2023 Books VEDI/23-24/04/12
          SOBD Library SOBD Library 24/05/2023 Vedi Books INR 165.00 160 SEN-I6 004468 24/05/2023 6 18/04/2023 Books VEDI/23-24/04/12
Hosted, Implemented, Customized & Maintained by: BestBookBuddies

Powered by Koha